000 00349nam a2200133Ia 4500
008 240624s9999 xx 000 0 und d
041 _aeng
082 _a658.3125 RAJ
100 _aRAJU P V L
245 _aPERFORMANCE MANAGEMENT CONCEPTS METRICS
260 _c2004
_aHyderabad
_bICFAI press
300 _avii, : 178 : p. : cm. ; 23
365 _cRS
_b50
999 _c6648
_d6648